[Event "Pattaya CAD op"]
[Site "Pattaya"]
[Date "2023.04.02"]
[Round "3"]
[White "Brown, Geoffrey M"]
[Black "Badmatsyrenov, Oleg"]
[Result "0-1"]
[WhiteElo "1841"]
[BlackElo "2437"]
[PlyCount "68"]
[EventDate "2023.04.01"]
[EventType "swiss"]
[EventRounds "7"]
[EventCountry "THA"]
[SourceTitle "CBM 213 Extra"]
[Source "ChessBase"]
[SourceDate "2023.05.31"]
[SourceVersion "1"]
[SourceVersionDate "2023.05.31"]
[SourceQuality "1"]

1. e4 c5 2. Nc3 a6 3. g3 b5 4. Bg2 Bb7 5. d3 e6 6. Nh3 h5 7. 0-0 Nc6 8. f4 b4 9. Ne2 Nf6 10. e5 Ng4 11. f5 Qc7 12. fxe6 dxe6 13. Ng5 Ncxe5 14. Nf4 Bxg2 15. Nxg2 Qc6 16. Qe2 f6 17. Ne4 0-0-0 18. Bf4 c4 19. Bxe5 Nxe5 20. h3 Kb7 21. Nf4 g5 22. Ng2 g4 23. Rxf6 Bg7 24. Rxe6 Qc7 25. Nf4 Nf3+ 26. Kg2 Nd4 27. Qd2 Nxe6 28. Nxe6 Qe7 29. N4c5+ Ka7 30. Qxb4 Rd6 31. Re1 cxd3 32. cxd3 Rb8 33. Nd4 Qf7 34. Nb7 Qxb7+ 0-1

[Event "ENG Chessable-ch Seniors 65+"]
[Site "Kenilworth"]
[Date "2022.05.08"]
[Round "7"]
[White "Bray, David"]
[Black "Brown, Geoffrey M"]
[Result "1/2-1/2"]
[WhiteElo "2022"]
[BlackElo "1842"]
[PlyCount "43"]
[EventDate "2022.05.04"]
[EventType "swiss"]
[EventRounds "7"]
[EventCountry "ENG"]
[SourceTitle "CBM 208 Extra"]
[Source "ChessBase"]
[SourceDate "2022.07.31"]
[SourceVersion "1"]
[SourceVersionDate "2022.07.31"]
[SourceQuality "1"]

1. d4 e6 2. c4 Bb4+ 3. Bd2 a5 4. g3 Qe7 5. Bg2 Nc6 6. a3 Bxd2+ 7. Qxd2 d6 8. Nf3 Nf6 9. Nc3 0-0 10. 0-0 e5 11. d5 Nb8 12. e4 a4 13. Qc2 Bd7 14. Ne1 Ng4 15. Rd1 b6 16. Nb5 Rc8 17. b3 axb3 18. Qxb3 Nh6 19. f4 f6 20. fxe5 fxe5 21. Nd3 Na6 22. Ra1 1/2-1/2

[Event "ENG Chessable-ch Seniors 65+"]
[Site "Kenilworth"]
[Date "2022.05.06"]
[Round "3"]
[White "Robinson, Steve"]
[Black "Brown, Geoffrey M"]
[Result "0-1"]
[WhiteElo "1311"]
[BlackElo "1842"]
[PlyCount "92"]
[EventDate "2022.05.04"]
[EventType "swiss"]
[EventRounds "7"]
[EventCountry "ENG"]
[SourceTitle "CBM 208 Extra"]
[Source "ChessBase"]
[SourceDate "2022.07.31"]
[SourceVersion "1"]
[SourceVersionDate "2022.07.31"]
[SourceQuality "1"]

1. Nc3 d5 2. e4 c6 3. Nf3 dxe4 4. Nxe4 Nf6 5. Nxf6+ gxf6 6. Bc4 Rg8 7. Kf1 Bg4 8. h3 Bh5 9. b3 Nd7 10. Bb2 Qc7 11. d4 e6 12. g4 Bg6 13. Qe2 0-0-0 14. Nh4 Bd6 15. Re1 Kb8 16. Nxg6 hxg6 17. Qf3 Qa5 18. a4 f5 19. Bc3 Bb4 20. Bxb4 Qxb4 21. c3 Qd6 22. a5 a6 23. Rb1 Rh8 24. Qg3 Qxg3 25. fxg3 fxg4 26. h4 Nf6 27. Kg2 Ne4 28. Rbc1 Nd2 29. Be2 Nxb3 30. Rb1 Nxa5 31. Bxa6 b5 32. Bxb5 cxb5 33. Rxb5+ Nb7 34. Rhb1 Rd7 35. c4 Rc8 36. c5 Rc6 37. Kf2 Ra6 38. Ke3 Kc8 39. Rb6 Rxb6 40. Rxb6 Kc7 41. Ra6 Rd8 42. Ra7 Kc6 43. Ra6+ Kc7 44. Ra7 Rd5 45. Kd3 Kb8 46. Ra4 Nxc5+ 0-1

[Event "Southend Easter op 64th"]
[Site "Southend"]
[Date "2022.04.17"]
[Round "5"]
[White "Brown, Geoffrey M"]
[Black "Ball, Charlie"]
[Result "1-0"]
[WhiteElo "1906"]
[BlackElo "1272"]
[PlyCount "77"]
[EventDate "2022.04.15"]
[EventType "swiss"]
[EventRounds "7"]
[EventCountry "ENG"]
[SourceTitle "CBM 207 Extra"]
[Source "ChessBase"]
[SourceDate "2022.05.31"]
[SourceVersion "1"]
[SourceVersionDate "2022.05.31"]
[SourceQuality "1"]

1. Nf3 Nf6 2. b3 d5 3. Bb2 Bf5 4. e3 e6 5. Nh4 Bg6 6. Nxg6 hxg6 7. c4 c6 8. a3 a5 9. d4 Bd6 10. g3 Nbd7 11. Bg2 Ne4 12. Nd2 Ndf6 13. Nxe4 Nxe4 14. Bxe4 dxe4 15. Qg4 Qe7 16. Qxe4 Rh6 17. Kf1 0-0-0 18. c5 Bc7 19. b4 axb4 20. axb4 Rdh8 21. Kg2 Qd8 22. Ra8+ Bb8 23. Qf4 Qc7 24. Qxc7+ Kxc7 25. d5 R6h7 26. Be5+ Kd7 27. dxe6+ Kxe6 28. Rxb8 Kxe5 29. Rxb7 f6 30. Re7+ Kd5 31. Rd1+ Kc4 32. Rd4+ Kc3 33. h4 g5 34. hxg5 fxg5 35. Rf7 Rb8 36. Rg4 Rxb4 37. Rxg5 Rb5 38. Rc7 Kc4 39. Rxc6 1-0

[Event "Bangkok Big Rook op"]
[Site "Bangkok"]
[Date "2022.01.24"]
[Round "1"]
[White "Mancuso, Alexander"]
[Black "Brown, Geoffrey M"]
[Result "0-1"]
[WhiteElo "1011"]
[BlackElo "1918"]
[PlyCount "68"]
[EventDate "2022.01.24"]
[EventType "swiss"]
[EventRounds "5"]
[EventCountry "THA"]
[SourceTitle "CBM 206 Extra"]
[Source "ChessBase"]
[SourceDate "2022.03.31"]
[SourceVersion "1"]
[SourceVersionDate "2022.03.31"]
[SourceQuality "1"]

1. e4 e6 2. d4 d5 3. e5 c5 4. c3 Bd7 5. Nf3 a6 6. Be2 cxd4 7. cxd4 Bb5 8. 0-0 Bxe2 9. Qxe2 Nc6 10. Rd1 Rc8 11. Nc3 h6 12. a3 Nge7 13. b4 Nxd4 14. Nxd4 Rxc3 15. Bb2 Rc4 16. Rac1 b5 17. Qh5 g6 18. Qf3 Bg7 19. Ne2 0-0 20. Bd4 Nc6 21. Rxc4 bxc4 22. Qe3 Nxd4 23. Nxd4 Qc7 24. f4 Rc8 25. Rc1 Bf8 26. g4 Be7 27. f5 Bg5 28. Qf3 Qxe5 29. Ne2 Qe3+ 30. Qxe3 Bxe3+ 31. Kf1 Bxc1 32. Nxc1 gxf5 33. gxf5 e5 34. Ne2 Kg7 0-1

[Event "Pattaya op"]
[Site "Pattaya"]
[Date "2019.10.28"]
[Round "7"]
[White "Mustonen, Ilkka"]
[Black "Brown, Geoffrey M"]
[Result "1-0"]
[WhiteElo "2053"]
[BlackElo "1880"]
[PlyCount "67"]
[EventDate "2019.10.23"]
[EventType "swiss"]
[EventRounds "9"]
[EventCountry "THA"]
[SourceTitle "CBM 195 Extra"]
[Source "ChessBase"]
[SourceDate "2020.05.31"]
[SourceVersion "1"]
[SourceVersionDate "2020.05.31"]
[SourceQuality "1"]

1. e4 e6 2. d4 d5 3. e5 c5 4. c3 Nc6 5. Nf3 Bd7 6. dxc5 Bxc5 7. Bd3 f6 8. Qe2 fxe5 9. Nxe5 Nxe5 10. Qxe5 Nf6 11. 0-0 0-0 12. h3 Qb6 13. Qe1 e5 14. b4 Bd6 15. Na3 Rae8 16. Be3 d4 17. Nc4 Qc7 18. Nxd6 Qxd6 19. Bc4+ Kh8 20. cxd4 Qc7 21. dxe5 Qxc4 22. exf6 Bb5 23. fxg7+ Kxg7 24. Qd2 Kg8 25. Rac1 Qe4 26. Rfe1 Rd8 27. Qc3 Rd3 28. Qc5 Rd5 29. Qc7 Rd7 30. Qc2 Rd3 31. Bc5 Qg6 32. Bxf8 Bc6 33. Qc4+ Kxf8 34. Qf4+ 1-0

[Event "Pattaya op"]
[Site "Pattaya"]
[Date "2019.10.27"]
[Round "6"]
[White "Brown, Geoffrey M"]
[Black "Mordido, Kylen Joy"]
[Result "0-1"]
[WhiteElo "1880"]
[BlackElo "2066"]
[PlyCount "70"]
[EventDate "2019.10.23"]
[EventType "swiss"]
[EventRounds "9"]
[EventCountry "THA"]
[SourceTitle "CBM 195 Extra"]
[Source "ChessBase"]
[SourceDate "2020.05.31"]
[SourceVersion "1"]
[SourceVersionDate "2020.05.31"]
[SourceQuality "1"]

1. f4 d5 2. Nf3 Nf6 3. e3 g6 4. d4 Bg7 5. Bd3 c5 6. 0-0 0-0 7. c3 Nbd7 8. b3 b6 9. Bb2 Bb7 10. Ne5 Ne8 11. Nd2 Ndf6 12. Rf3 Nd6 13. Rh3 Bc8 14. Rf3 Bf5 15. Bxf5 Nxf5 16. g4 Nd6 17. Qe1 e6 18. Rd1 Rc8 19. Rh3 Nfe4 20. Nxe4 Nxe4 21. g5 cxd4 22. cxd4 Qe7 23. Rc1 Rxc1 24. Qxc1 Qb7 25. Qe1 Qa6 26. Qh4 h5 27. gxh6 Bxe5 28. h7+ Kh8 29. dxe5 Qxa2 30. Qe7 Qb1+ 31. Kg2 Qc2+ 32. Kf3 Qd1+ 33. Kg2 Qe2+ 34. Kg1 Qf2+ 35. Kh1 Qf1# 0-1

[Event "West Wales op"]
[Site "Swansea"]
[Date "2019.10.13"]
[Round "4"]
[White "Brown, Geoffrey M"]
[Black "Thompson, Ian D"]
[Result "1/2-1/2"]
[WhiteElo "1861"]
[BlackElo "2120"]
[PlyCount "96"]
[EventDate "2019.10.11"]
[EventType "swiss"]
[EventRounds "5"]
[EventCountry "WLS"]
[SourceTitle "EXT 2022"]
[Source "ChessBase"]
[SourceDate "2021.10.06"]
[SourceVersion "1"]
[SourceVersionDate "2021.10.06"]
[SourceQuality "1"]

1. f4 d5 2. Nf3 Bg4 3. e3 Nd7 4. h3 Bxf3 5. Qxf3 c6 6. d4 Ngf6 7. Bd3 e6 8. Nd2 Bd6 9. 0-0 0-0 10. c3 c5 11. g4 Qb6 12. g5 Ne8 13. h4 f5 14. Kg2 Be7 15. Rh1 Nd6 16. Qh5 Qc7 17. Nf1 b5 18. Bd2 a5 19. Qe2 Rfb8 20. Ng3 b4 21. Rhc1 Qb6 22. c4 dxc4 23. Bxc4 Nxc4 24. Rxc4 Qc6+ 25. Qf3 Qxf3+ 26. Kxf3 Nb6 27. Rc2 cxd4 28. exd4 Rc8 29. Rac1 Kf7 30. Rxc8 Rxc8 31. Rxc8 Nxc8 32. d5 Nb6 33. dxe6+ Kxe6 34. Be3 Nd5 35. Bd4 g6 36. h5 Bd6 37. hxg6 hxg6 38. Ne2 a4 39. b3 a3 40. Bg7 Bc5 41. Nc1 Be3 42. Nd3 Bd2 43. Bf8 Bc3 44. Nc5+ Kf7 45. Bd6 Bd2 46. Nd3 Bc3 47. Bc5 Ke6 48. Bf8 Kf7 1/2-1/2

[Event "West Wales op"]
[Site "Swansea"]
[Date "2019.10.12"]
[Round "2"]
[White "Brown, Geoffrey M"]
[Black "Graham, David Bruce"]
[Result "1-0"]
[WhiteElo "1861"]
[BlackElo "2162"]
[PlyCount "81"]
[EventDate "2019.10.11"]
[EventType "swiss"]
[EventRounds "5"]
[EventCountry "WLS"]
[SourceTitle "EXT 2022"]
[Source "ChessBase"]
[SourceDate "2021.10.06"]
[SourceVersion "1"]
[SourceVersionDate "2021.10.06"]
[SourceQuality "1"]

1. f4 c5 2. Nf3 Nc6 3. e3 g6 4. d4 Bg7 5. c3 d6 6. d5 Na5 7. Bb5+ Bd7 8. Qa4 b6 9. Nbd2 Nf6 10. e4 0-0 11. Bxd7 Nxd7 12. 0-0 Rb8 13. Nb3 Nxb3 14. axb3 Rb7 15. Qb5 Nb8 16. Qd3 Qc7 17. h4 b5 18. h5 Nd7 19. hxg6 hxg6 20. Ng5 Bh6 21. Qg3 Kg7 22. Bd2 Bxg5 23. Qxg5 Rh8 24. Qxe7 Qb6 25. Qg5 c4+ 26. Rf2 Nf6 27. Re1 Re7 28. Be3 Rxe4 29. Bxb6 Rxe1+ 30. Rf1 Rh1+ 31. Kxh1 Rxf1+ 32. Bg1 Ne4 33. Qe7 Rxf4 34. Bd4+ Kh6 35. Kh2 Kh5 36. g3 Rg4 37. Qxf7 Nxg3 38. Be3 Kh4 39. Qf6+ g5 40. Qh6+ Nh5 41. Bf2+ 1-0

[Event "South Normanton 4NCL op-B 23rd"]
[Site "South Normanton"]
[Date "2019.10.06"]
[Round "5"]
[White "Brown, Geoffrey M"]
[Black "Spanton, Timothy"]
[Result "1/2-1/2"]
[WhiteElo "1861"]
[BlackElo "1900"]
[PlyCount "62"]
[EventDate "2019.10.04"]
[EventType "swiss"]
[EventRounds "5"]
[EventCountry "ENG"]
[SourceTitle "CBM 193 Extra"]
[Source "ChessBase"]
[SourceDate "2020.01.31"]
[SourceVersion "1"]
[SourceVersionDate "2020.01.31"]
[SourceQuality "1"]

1. f4 d5 2. Nf3 Nf6 3. e3 Bf5 4. b3 e6 5. Bb2 Nbd7 6. Nc3 c6 7. Ne2 h6 8. Nc1 a5 9. a4 Nc5 10. Be2 Be7 11. 0-0 0-0 12. Ne5 Nfd7 13. Ncd3 Nxd3 14. Nxd3 Qc7 15. Ne5 Nxe5 16. Bxe5 Qd8 17. Ra2 Bf6 18. Qa1 Rc8 19. g4 Bh7 20. d3 Bxe5 21. Qxe5 Qf6 22. Qxf6 gxf6 23. Kf2 f5 24. Rg1 fxg4 25. Rxg4+ Bg6 26. Ra1 Kh7 27. Rag1 Rg8 28. Bf3 f5 29. R4g3 Bf7 30. Rxg8 Rxg8 31. Rxg8 Bxg8 1/2-1/2

[Event "Chiang Mai op"]
[Site "Chiangmai"]
[Date "2019.03.31"]
[Round "9"]
[White "Brown, Geoffrey M"]
[Black "Chuersakul, Sarocha"]
[Result "1/2-1/2"]
[WhiteElo "1863"]
[BlackElo "1639"]
[PlyCount "28"]
[EventDate "2019.03.27"]
[EventType "swiss"]
[EventRounds "9"]
[EventCountry "THA"]
[SourceTitle "CBM 190 Extra"]
[Source "ChessBase"]
[SourceDate "2019.07.15"]
[SourceVersion "1"]
[SourceVersionDate "2019.07.15"]
[SourceQuality "1"]

1. Nf3 d5 2. c4 e6 3. b3 Nf6 4. g3 Be7 5. Bg2 Nbd7 6. Bb2 b6 7. 0-0 Bb7 8. e3 0-0 9. Qe2 c5 10. Rd1 dxc4 11. bxc4 Qc7 12. Nc3 Rac8 13. Rac1 Ne4 14. Nxe4 Bxe4 1/2-1/2

[Event "Penang op 10th"]
[Site "Penang"]
[Date "2018.12.06"]
[Round "6"]
[White "Bagamasbad, Efren"]
[Black "Brown, Geoffrey M"]
[Result "1-0"]
[WhiteElo "2133"]
[BlackElo "1908"]
[PlyCount "73"]
[EventDate "2018.12.03"]
[EventType "swiss"]
[EventRounds "9"]
[EventCountry "MAS"]
[SourceTitle "CBM 187 Extra"]
[Source "ChessBase"]
[SourceDate "2018.11.04"]
[SourceVersion "1"]
[SourceVersionDate "2018.11.04"]
[SourceQuality "1"]

1. c4 e5 2. g3 Nc6 3. Bg2 Nf6 4. Nc3 Bb4 5. Nd5 0-0 6. a3 Bd6 7. b4 Nxd5 8. cxd5 Ne7 9. Bb2 c6 10. d4 Ng6 11. e3 Re8 12. Ne2 e4 13. Qb3 a5 14. Nc3 axb4 15. axb4 Rxa1+ 16. Bxa1 Qb6 17. b5 cxb5 18. Nxe4 Bf8 19. d6 Qa5+ 20. Bc3 Qa4 21. Qxa4 bxa4 22. Bb4 b6 23. Nc3 Ba6 24. Nxa4 h5 25. Kd2 h4 26. Bd5 Nh8 27. Nc3 Rc8 28. Ra1 Bc4 29. Ra7 hxg3 30. hxg3 Bxd5 31. Nxd5 Rd8 32. Nc7 f5 33. Ra8 Rxa8 34. Nxa8 Nf7 35. Nxb6 Nxd6 36. Bxd6 Bxd6 37. Nxd7 1-0

[Event "Penang op 10th"]
[Site "Penang"]
[Date "2018.12.05"]
[Round "4"]
[White "Yeoh, Seong Jui Michael"]
[Black "Brown, Geoffrey M"]
[Result "0-1"]
[WhiteElo "1486"]
[BlackElo "1908"]
[PlyCount "62"]
[EventDate "2018.12.03"]
[EventType "swiss"]
[EventRounds "9"]
[EventCountry "MAS"]
[SourceTitle "CBM 187 Extra"]
[Source "ChessBase"]
[SourceDate "2018.11.04"]
[SourceVersion "1"]
[SourceVersionDate "2018.11.04"]
[SourceQuality "1"]

1. e4 e6 2. d4 d5 3. Nd2 Nf6 4. e5 Nfd7 5. Bd3 c5 6. c3 Nc6 7. Ne2 cxd4 8. cxd4 f6 9. exf6 Nxf6 10. Nf3 Bd6 11. 0-0 Qc7 12. Ng3 0-0 13. Bd2 e5 14. dxe5 Nxe5 15. Nxe5 Bxe5 16. Rb1 Bg4 17. Qb3 Rf7 18. Bc3 Bxc3 19. bxc3 Rd8 20. f3 Qc5+ 21. Kh1 Bc8 22. Qb4 Rc7 23. Ne2 b6 24. Qf4 Re7 25. Rfd1 Rde8 26. a4 Rxe2 27. Bxe2 Rxe2 28. Qb8 Re7 29. Rbc1 Qc7 30. Qxc7 Rxc7 31. Rd4 Kf7 0-1

[Event "Penang op 10th"]
[Site "Penang"]
[Date "2018.12.04"]
[Round "3"]
[White "Brown, Geoffrey M"]
[Black "Sreenivasan, Brandon Tien"]
[Result "1/2-1/2"]
[WhiteElo "1908"]
[BlackElo "1493"]
[PlyCount "65"]
[EventDate "2018.12.03"]
[EventType "swiss"]
[EventRounds "9"]
[EventCountry "MAS"]
[SourceTitle "CBM 187 Extra"]
[Source "ChessBase"]
[SourceDate "2018.11.04"]
[SourceVersion "1"]
[SourceVersionDate "2018.11.04"]
[SourceQuality "1"]

1. f4 d5 2. Nf3 e6 3. e3 Nf6 4. b3 Be7 5. Bb2 Nbd7 6. Be2 c5 7. 0-0 0-0 8. Ne5 b6 9. Nc6 Qe8 10. Nxe7+ Qxe7 11. c4 dxc4 12. bxc4 Bb7 13. Bf3 Rab8 14. Nc3 e5 15. Bxb7 Rxb7 16. Qf3 e4 17. Qh3 Qe6 18. Qxe6 fxe6 19. g4 Nxg4 20. Nxe4 b5 21. cxb5 Rxb5 22. Bc3 Nh6 23. Rab1 Rfb8 24. Rxb5 Rxb5 25. Nd6 Rb6 26. Nc4 Ra6 27. Rb1 Nb6 28. Nxb6 axb6 29. Kf2 Kf7 30. Kf3 Nf5 31. a4 Nd6 32. Kg3 Ke7 33. d3 1/2-1/2

[Event "BCF-ch Seniors 65"]
[Site "Hull"]
[Date "2018.08.02"]
[Round "5"]
[White "Surtees, Michael"]
[Black "Brown, Geoffrey M"]
[Result "1-0"]
[WhiteElo "2146"]
[BlackElo "1897"]
[PlyCount "90"]
[EventDate "2018.07.29"]
[EventType "swiss"]
[EventRounds "7"]
[EventCountry "ENG"]
[SourceTitle "CBM 185 Extra"]
[Source "ChessBase"]
[SourceDate "2018.07.29"]
[SourceVersion "1"]
[SourceVersionDate "2018.07.29"]
[SourceQuality "1"]

1. e4 e6 2. a3 d5 3. e5 c5 4. f4 Nh6 5. Nf3 Nc6 6. b4 d4 7. b5 Ne7 8. Bd3 Nd5 9. g3 b6 10. c4 dxc3 11. dxc3 Bb7 12. c4 Ne7 13. Qe2 Nef5 14. Be4 Qc7 15. Nbd2 Be7 16. 0-0 Rd8 17. a4 0-0 18. Bb2 Rd7 19. Bxb7 Qxb7 20. Ne4 Rfd8 21. Nf2 Nd4 22. Bxd4 cxd4 23. Nd3 Nf5 24. Rfc1 h5 25. a5 Rc7 26. Ra4 g6 27. Kg2 Kg7 28. Kh3 Qc8 29. axb6 axb6 30. Qe4 Bc5 31. Rca1 Qd7 32. Ra8 Rxa8 33. Qxa8 Rc8 34. Ra7 Qe8 35. Qb7 Rb8 36. Qd7 Ne3 37. Ng5 Qxd7 38. Rxd7 Nxc4 39. Rxf7+ Kg8 40. Rf6 Na3 41. Rxg6+ Kh8 42. Nxe6 Nxb5 43. f5 Re8 44. Ng5 Nc7 45. e6 Bf8 1-0

[Event "BCF-ch Seniors 65"]
[Site "Hull"]
[Date "2018.07.29"]
[Round "1"]
[White "Norman, Kenneth I"]
[Black "Brown, Geoffrey M"]
[Result "0-1"]
[WhiteElo "2094"]
[BlackElo "1897"]
[PlyCount "108"]
[EventDate "2018.07.29"]
[EventType "swiss"]
[EventRounds "7"]
[EventCountry "ENG"]
[SourceTitle "CBM 185 Extra"]
[Source "ChessBase"]
[SourceDate "2018.07.29"]
[SourceVersion "1"]
[SourceVersionDate "2018.07.29"]
[SourceQuality "1"]

1. Nf3 d5 2. g3 Bg4 3. Bg2 Nd7 4. 0-0 c6 5. d3 Ngf6 6. Nbd2 e5 7. e4 dxe4 8. dxe4 Bc5 9. Qe1 0-0 10. h3 Bh5 11. Nc4 Re8 12. b4 Bf8 13. Bb2 Qc7 14. Nh4 b5 15. Ne3 a5 16. a3 axb4 17. axb4 Nb6 18. g4 Bg6 19. Nxg6 hxg6 20. Rxa8 Rxa8 21. Qc3 Nfd7 22. Nd5 Qd6 23. Nxb6 Nxb6 24. Qxe5 Qxb4 25. Bc3 Qc4 26. Rd1 b4 27. Bb2 f6 28. Qd4 c5 29. Qd2 Ra2 30. Qc1 Qe6 31. e5 c4 32. Bd4 fxe5 33. Bxb6 Qxb6 34. Bd5+ Kh7 35. Qg5 Qf6 36. Qxf6 gxf6 37. Bxc4 Rxc2 38. Rd7+ Kh6 39. Bg8 Bc5 40. Kg2 Bxf2 41. Kf3 Be1 42. Rb7 Rf2+ 43. Ke3 Rf4 44. Bd5 Rd4 45. Be6 Rd6 46. Bg8 Kg5 47. Rh7 Bc3 48. Bc4 Rb6 49. Bb3 Bd4+ 50. Ke4 Rd6 51. Bc4 Bc3 52. Bb3 Rd4+ 53. Ke3 f5 54. gxf5 gxf5 0-1

[Event "North Wales op 3rd"]
[Site "Llandudno"]
[Date "2018.06.23"]
[Round "3"]
[White "Brown, Geoffrey M"]
[Black "Crocker, Philip J"]
[Result "1-0"]
[WhiteElo "1877"]
[BlackElo "2109"]
[PlyCount "103"]
[EventDate "2018.06.22"]
[EventType "swiss"]
[EventRounds "5"]
[EventCountry "WLS"]
[SourceTitle "EXT 2020"]
[Source "ChessBase"]
[SourceDate "2019.10.17"]
[SourceVersion "1"]
[SourceVersionDate "2019.10.17"]
[SourceQuality "1"]

1. f4 d5 2. Nf3 Bg4 3. e3 Nd7 4. h3 Bxf3 5. Qxf3 c6 6. d3 e5 7. f5 Ngf6 8. e4 Bc5 9. g4 h6 10. Nd2 Qb6 11. Nb3 0-0-0 12. Bd2 Bb4 13. c3 Be7 14. h4 dxe4 15. dxe4 Nc5 16. Bc4 Ncxe4 17. Be3 Bc5 18. Bxc5 Nxc5 19. Nxc5 Qxc5 20. Bxf7 Rd6 21. b4 Qb5 22. Rd1 Rhd8 23. Rxd6 Rxd6 24. g5 Rd3 25. Qe2 Nd5 26. Be6+ Kd8 27. Bxd5 Qxd5 28. 0-0 Rd2 29. Qf3 Qxf3 30. Rxf3 hxg5 31. hxg5 Rxa2 32. f6 gxf6 33. Rxf6 Rd2 34. g6 Ke7 35. Rf7+ Ke6 36. Rxb7 Kf6 37. g7 Rd8 38. Rxa7 Rg8 39. Kf2 Ke6 40. c4 e4 41. Ke3 Ke5 42. Rc7 Kd6 43. Rb7 Ke5 44. b5 cxb5 45. Rxb5+ Kd6 46. Rg5 Ke6 47. Kxe4 Kf6 48. Kf4 Kf7 49. Kf5 Ke7 50. Kg6 Ke6 51. c5 Kd7 52. Kf7 1-0

[Event "West Bromwich Midland op-B"]
[Site "West Bromwich"]
[Date "2017.08.12"]
[Round "2"]
[White "Brown, Geoffrey M"]
[Black "Desmedt, Richard E"]
[Result "1-0"]
[WhiteElo "1772"]
[BlackElo "1819"]
[PlyCount "101"]
[EventDate "2017.08.11"]
[EventType "swiss"]
[EventRounds "5"]
[EventCountry "ENG"]
[SourceTitle "CBM 180 Extra"]
[Source "ChessBase"]
[SourceDate "2017.10.06"]
[SourceVersion "1"]
[SourceVersionDate "2017.10.06"]
[SourceQuality "1"]

1. f4 d5 2. Nf3 g6 3. e3 Bg7 4. Be2 Nf6 5. 0-0 0-0 6. d3 c5 7. a4 Nc6 8. Qe1 a6 9. Ne5 Nd7 10. Nxc6 bxc6 11. e4 Qb6 12. a5 Qc7 13. Bf3 e6 14. Nc3 Rb8 15. Nd1 d4 16. Qh4 f5 17. e5 Rf7 18. b3 Bf8 19. Nb2 Rb5 20. Nc4 Be7 21. Qe1 Rb8 22. Bd2 Bb7 23. Qe2 Rg7 24. Kh1 Kh8 25. Rae1 Rbg8 26. g3 g5 27. fxg5 Bxg5 28. Bxg5 Rxg5 29. Bh5 Nf8 30. Nd6 Ng6 31. Bxg6 R8xg6 32. Rf4 c4 33. bxc4 c5+ 34. Nxb7 Qxb7+ 35. Qg2 Qb4 36. Rff1 Qxa5 37. Ra1 Qc7 38. Qa8+ Rg8 39. Qxa6 Qxe5 40. Rae1 Qg7 41. Qxe6 Qb7+ 42. Qd5 Qxd5+ 43. cxd5 Rd8 44. Re5 Rf8 45. d6 Rd8 46. Rxc5 Rxd6 47. Rcxf5 Rg8 48. Rf7 Re8 49. Rc7 Rde6 50. Rf2 h6 51. Rd7 1-0

[Event "GBR-ch U2050 op 104th"]
[Site "Llandudno"]
[Date "2017.08.04"]
[Round "5"]
[White "Wells, Jonathan C"]
[Black "Brown, Geoffrey M"]
[Result "1/2-1/2"]
[WhiteElo "2037"]
[BlackElo "1756"]
[PlyCount "60"]
[EventDate "2017.07.31"]
[EventType "swiss"]
[EventRounds "5"]
[EventCountry "WLS"]
[SourceTitle "EXT 2019"]
[Source "ChessBase"]
[SourceDate "2018.10.10"]
[SourceVersion "1"]
[SourceVersionDate "2018.10.10"]
[SourceQuality "1"]

1. e4 e6 2. d4 d5 3. Nd2 Nf6 4. e5 Nfd7 5. c3 c5 6. Ne2 Nc6 7. Nf3 Be7 8. g3 b5 9. a3 b4 10. axb4 cxb4 11. Bh3 Nb6 12. 0-0 a5 13. Ne1 Ba6 14. f4 bxc3 15. bxc3 Bxe2 16. Qxe2 g6 17. Qb5 Qc7 18. Ba3 Bxa3 19. Rxa3 0-0 20. Nd3 Nc4 21. Ra2 Rfb8 22. Qa4 Nb6 23. Qc2 a4 24. Nc5 a3 25. Rb1 Nc4 26. Bf1 N6a5 27. Rb4 Ne3 28. Qb1 Nxf1 29. Kxf1 Nc4 30. Ke2 Rb6 1/2-1/2

[Event "GBR-ch U2050 op 104th"]
[Site "Llandudno"]
[Date "2017.08.03"]
[Round "4"]
[White "Brown, Geoffrey M"]
[Black "Balouka Myers, Gabriel"]
[Result "1-0"]
[WhiteElo "1756"]
[BlackElo "1686"]
[PlyCount "79"]
[EventDate "2017.07.31"]
[EventType "swiss"]
[EventRounds "5"]
[EventCountry "WLS"]
[SourceTitle "EXT 2019"]
[Source "ChessBase"]
[SourceDate "2018.10.10"]
[SourceVersion "1"]
[SourceVersionDate "2018.10.10"]
[SourceQuality "1"]

1. f4 d5 2. Nf3 e6 3. e3 Nf6 4. b3 c5 5. Bb2 Nc6 6. Bb5 Be7 7. Ne5 Qc7 8. 0-0 0-0 9. Bxc6 bxc6 10. d3 Ba6 11. Nd2 Nd7 12. Qg4 f5 13. Qh3 Bf6 14. Ndf3 Rab8 15. c4 Rb4 16. Rf2 Rd8 17. g4 Bxe5 18. Nxe5 Nxe5 19. Bxe5 Qf7 20. Rg2 Rb7 21. Kh1 Re7 22. Rag1 Rdd7 23. gxf5 Qxf5 24. Qxf5 exf5 25. Rg5 Rf7 26. h4 Bc8 27. h5 Bb7 28. Kg2 Kf8 29. Kf3 Bc8 30. Ke2 Bb7 31. Kd2 d4 32. exd4 cxd4 33. c5 a5 34. Re1 Kg8 35. Bd6 Rd8 36. Re5 Bc8 37. Rg2 Bd7 38. h6 g6 39. Rge2 Bc8 40. Re8+ 1-0